عرض عادي عرض مارك
  • International Conference on the Art of Resisting Extreme Natural Forces

مدخل إسم مؤتمر

عدد التسجيلات المستخدمة في: 1

001 - رقم الضبط

  • حقل الضبط: 12082

003 - معرف رقم الضبط

  • حقل الضبط: OSt

005 - تاريخ ووقت أخر عملية

  • حقل الضبط: 20120427214850.0

008 - عناصر بيانات ثابتة الطول

  • حقل تحكم ثابت الطول: 120427|||a|||||| | ||| d

040 ## - مصدر الفهرسة

  • هيئة الفهرسة الأصلية: OSt
  • وكالة الكتابة: OSt

111 ## - مدخل -- اسم مؤتمر

  • اسم الملتقي او اسم السلطه كعنصر مدخل: International Conference on the Art of Resisting Extreme Natural Forces
  • رقم الجزء / القسم/ الملتقي: (1st :
  • تاريخ المؤتمر: 2007 :
  • مكان الملتقي: Wessex Institute of Technology)

670 ## - بيانات المصدر موجوده

  • الاستشهاد بالمصدر: Work cat.: (OSt)0: International Conference on the Art of Resisting Extreme Natural Forces (1st : 2007 : Wessex Institute of Technology), The art of resisting extreme natural forces /, c2007.